Hometrack monthly national housing survey (Record no. 105965)
[ view plain ]
| 000 -LEADER | |
|---|---|
| fixed length control field | 01230cam a2200217 4500 |
| 001 - CONTROL NUMBER | |
| control field | ##L135247 |
| 008 - FIXED-LENGTH DATA ELEMENTS--GENERAL INFORMATION | |
| fixed length control field | 061006n2006 000 0 eng u |
| 035 ## - SYSTEM CONTROL NUMBER | |
| System control number | (Sirsi) u135247 |
| 041 0# - LANGUAGE CODE | |
| Language code of text/sound track or separate title | eng |
| 050 04 - LIBRARY OF CONGRESS CALL NUMBER | |
| Classification number | 333.33 $2 18 |
| 110 2# - MAIN ENTRY--CORPORATE NAME | |
| Corporate name or jurisdiction name as entry element | Hometrack |
| 9 (RLIN) | 4704 |
| 245 00 - TITLE STATEMENT | |
| Title | Hometrack monthly national housing survey |
| Remainder of title | May 2006 |
| 260 ## - PUBLICATION, DISTRIBUTION, ETC. | |
| Place of publication, distribution, etc. | London |
| Name of publisher, distributor, etc. | Hometrack |
| Date of publication, distribution, etc. | 2006 |
| 490 #0 - SERIES STATEMENT | |
| Series statement | Hometrack Monthly National Housing Survey |
| Volume/sequential designation | 29 May 2006 |
| 520 ## - SUMMARY, ETC. | |
| Summary, etc. | House prices continued to rise rapidly over May rising by 0.6%. London remained the engine for national house price growth with values in the capital moving 1.2% higher in May. The 12 month price change is now 1.6%. The average house price stands at £164 500. Actual sales prices as a percentage of the asking price have risen to 94.7% from a low of 92.7% in January. The increase in the volume of buyers actively searching for a property has reduced the discounts sellers are willing to accept. |
| 650 24 - SUBJECT ADDED ENTRY--TOPICAL TERM | |
| Topical term or geographic name entry element | HOMETRACK MONTHLY NATIONAL HOUSING SURVEY |
| 651 #4 - SUBJECT ADDED ENTRY--GEOGRAPHIC NAME | |
| Geographic name | England and Wales |
| Chronological subdivision | 1543- |
| 690 ## - LOCAL SUBJECT ADDED ENTRY--TOPICAL TERM (OCLC, RLIN) | |
| Topical term or geographic name as entry element | PROPERTY-RESIDENTIAL PROPERTY-RESIDENTIAL PROPERTY MARKET |
| 856 40 - ELECTRONIC LOCATION AND ACCESS | |
| Uniform Resource Identifier | <a href="https://www.hometrack.co.uk">https://www.hometrack.co.uk</a> |
| Public note | View the survey free of charge at www.hometrack.co.uk... |
| 942 ## - ADDED ENTRY ELEMENTS (KOHA) | |
| Suppress in OPAC | 0 |
| Withdrawn status | Lost status | Source of classification or shelving scheme | Damaged status | Not for loan | Home library | Current library | Shelving location | Date acquired | Total Checkouts | Full call number | Barcode | Date last seen | Copy number | Price effective from | Koha item type |
|---|---|---|---|---|---|---|---|---|---|---|---|---|---|---|---|
| Dewey Decimal Classification | Virtual | Virtual | Online | 06/10/2006 | ONLINE PUBLICATION | 135247-2001 | 06/08/2019 | 1 | 06/08/2019 | Book |